Top 10 meilleurs youtubeurs américains en 2025 - Statistiques

Statistiques générales
  • Ce quiz a été pris 8 fois
  • Le résultat moyen est 1 sur 10
Statistiques - réponses
Réponse % Correct
1 M. Beast
86%
8 Andréa Espada
14%
6 Jordan Matter
14%
7 Brent Rivera
0%
4 Daniel LaBelle
0%
2 Les jumeaux Stokes
0%
9 Marc Rober
0%
5 Mike Mandell
0%
10 Nick DiGiovanni
0%
3 Topper Guild
0%
Aucun quiz correspondant
Distribution des résultats
% des personnes avec chaque résultat
Percentile par nombre de réponses
Votre historique - résultats
Vous n’avez pas pris ce quiz